| 000 | 01246cam a2200313 a 4500 | ||
|---|---|---|---|
| 001 | sa 68014219 | ||
| 003 | DLC | ||
| 005 | 20260227112629.0 | ||
| 008 | 950213s1967 ii b 001 0 sano | ||
| 010 | _asa 68014219 | ||
| 035 | _a(OCoLC)31978208 | ||
| 040 |
_aDLC _cDLC |
||
| 050 | 0 | 0 |
_aPK2916 _b.V577 1967 |
| 100 | 0 | _aViśvanātha Kavirāja. | |
| 240 | 1 | 0 | _aSāhityadarpana |
| 245 | 1 | 0 |
_aSāhityādarpaṇaḥ : _bsaṭippaṇa "Lakṣmī" vyākhyāvibhūṣitaḥ / _cViśvanāthakavirājapraṇītaḥ ; vyākhyākāraḥ Kr̥ṣṇamohanaśāstrī. |
| 246 | 1 | 5 | _aSāhityadarpaṇa of Śrī Viśvanātha Kavirāja |
| 250 | _aSaṃskaraṇa 3. | ||
| 260 |
_aVārāṇasī : _bCaukhambā Saṃskr̥ta Sīrīja āphisa, _c1967. |
||
| 300 |
_a60, 11, 871 p. ; _c23 cm. |
||
| 490 | 1 |
_aKāśī Saṃskr̥ta granthamālā ; _v145. _aAlaṅkāravibhāge ; _v6. puṣpam |
|
| 546 | _aIn Sanskrit. | ||
| 504 | _aIncludes bibliographical references and index. | ||
| 650 | 0 |
_aSanskrit poetry _xHistory and criticism. |
|
| 650 | 0 | _aPoetics. | |
| 700 | 1 | 2 |
_aThakur, Krishna Mohan, _d1919- _tLakṣmī. |
| 830 | 0 |
_aKāśī Saṃskr̥ta granthamālā ; _v145. |
|
| 830 | 0 |
_aKāśī Saṃskr̥ta granthamālā. _pAlaṅkāravibhāga ; _v6. puṣpam. |
|
| 999 |
_c85626 _d85626 |
||